Slovensko-anglický, anglicko-slovenský obchodný slovník

Salvato in:
Dettagli Bibliografici
Autore principale: Caforio, Aliberto
Natura: Libro
Lingua:slovacco
inglese
Pubblicazione: Bratislava MODUL 1995
Soggetti:
Tags: Aggiungi Tag
Nessun Tag, puoi essere il primo ad aggiungerne!!

MARC

LEADER 00000nam a2200000 4500
001 c011943
005 20240104101513.4
020 |a 80-967417-0-5 
041 0 |a slo 
041 0 |a eng 
044 |a SK 
245 1 0 |a Slovensko-anglický, anglicko-slovenský obchodný slovník  |c Aliberto Caforio 
264 1 |a Bratislava  |b MODUL  |c 1995 
300 |a 335 s. 
610 2 0 |a jazykoveda 
610 2 0 |a terminológia 
610 2 0 |a obchod 
610 2 0 |a bankovníctvo 
610 2 0 |a ekonómia 
610 2 0 |a financie 
610 2 0 |a korešpondencia 
610 2 0 |a podnikanie 
610 2 0 |a účtovníctvo 
100 1 |a Caforio, Aliberto